|
|
|
|
| LEADER |
00000naa2a2200000 4500 |
| 001 |
110816 |
| 005 |
20231031120600.0 |
| 035 |
|
|
|a (RuTPU)RU\TPU\book\119676
|
| 090 |
|
|
|a 110816
|
| 100 |
|
|
|a 20070301d2003 k y0rusy50 ca
|
| 101 |
0 |
|
|a rus
|
| 102 |
|
|
|a RU
|
| 200 |
1 |
|
|a La France - l'empire des vins
|f В. Савченко
|
| 320 |
|
|
|a Библиогр.: 2 назв.
|
| 463 |
|
0 |
|0 (RuTPU)RU\TPU\book\64056
|y 5-98298-002-1
|t Язык и мировая культура: взгляд молодых исследователей
|o Материалы III Областной научно-практической конференции-конкурса студентов вузов и учащихся старших классов альтернативных учебных заведений, Томск, 24 апреля 2003 г.
|f Томский политехнический университет; Институт языковой коммуникации
|v С. 35-36
|d 2003
|p 76 с.
|
| 610 |
1 |
|
|a Франция
|
| 610 |
1 |
|
|a французский язык
|
| 610 |
1 |
|
|a языкознание
|
| 610 |
1 |
|
|a лингвистика
|
| 610 |
1 |
|
|a труды учёных ТПУ
|
| 700 |
|
1 |
|a Савченко
|b В.
|
| 801 |
|
1 |
|a RU
|b 63413507
|c 20070301
|g PSBO
|
| 801 |
|
2 |
|a RU
|b 63413507
|c 20080408
|g PSBO
|
| 942 |
|
|
|c BK
|